. (Record no. 193666)

MARC details
000 -LEADER
fixed length control field 00364nam a22001457a 4500
008 - FIXED-LENGTH DATA ELEMENTS--GENERAL INFORMATION
fixed length control field 221107b ||||| |||| 00| 0 eng d
082 ## - DEWEY DECIMAL CLASSIFICATION NUMBER
Classification number 500-SAR
100 ## - MAIN ENTRY--PERSONAL NAME
Personal name SUNDER,SARUKKAI
245 ## - TITLE STATEMENT
Title .
Remainder of title .
Statement of responsibility, etc 12X13
260 ## - PUBLICATION, DISTRIBUTION, ETC. (IMPRINT)
Place of publication, distribution, etc NEW DELHI
Name of publisher, distributor, etc A.I.C.B
Date of publication, distribution, etc ROHINI
270 ## - ADDRESS
Address A.I.C.B ,ROHINI NEW DELHI
300 ## - PHYSICAL DESCRIPTION
Extent .
Other physical details .
Dimensions 12X13
490 ## - SERIES STATEMENT
Volume number/sequential designation 1-4
942 ## - ADDED ENTRY ELEMENTS (KOHA)
Source of classification or shelving scheme Dewey Decimal Classification
Item type Braille-Books-English
Call number prefix 500
Call number suffix SAR
Holdings
Withdrawn status Lost status Not for loan Home library Current library Date acquired Source of acquisition Cost, normal purchase price Full call number Barcode Koha item type
      Braille-Library Braille-Library 07/11/2022 Braille library 10.00 500-SAR BR-003816 Braille-Books-English
      Braille-Library Braille-Library 07/11/2022 Braille library 10.00 500-SAR BR-003817 Braille-Books-English
      Braille-Library Braille-Library 07/11/2022 Braille library 10.00 500-SAR BR-003818 Braille-Books-English
      Braille-Library Braille-Library 07/11/2022 Braille library 10.00 500-SAR BR-003819 Braille-Books-English

© Delhi Public Library
Hit Counter
free hit counter